| 000 | 00704nam a2200277Ia 4500 | ||
|---|---|---|---|
| 001 | 887 | ||
| 005 | 20240113233434.0 | ||
| 007 | ta | ||
| 008 | 050127s a g b000 u eng u | ||
| 020 | _cPB | ||
| 040 | _aCotton College, Assa | ||
| 041 | _aeng | ||
| 082 |
_a934 _bM 289 An |
||
| 100 | _aMajumdar, R.C. . | ||
| 245 | 0 |
_aAncient Indian Colonies in the Far East / _cR.C.Majumdar. _hTextual Documents |
|
| 260 |
_aLahore : _bPanjab Sanskrit Depot. , _cnd. |
||
| 300 | _bill ; | ||
| 362 | _aVol.I- | ||
| 653 | _aIndian History | ||
| 653 | _aHistory-India | ||
| 653 | _aAncient History | ||
| 653 | _aRare-History | ||
| 942 |
_2ddc _cBK |
||
| 999 |
_c885 _d885 |
||